000 00998cam a22003015i 4500
001 13573427
003 EG-ScBUE
005 20251207103412.0
008 040426t2005 njua f b 001 0 eng d
020 _a0471371238
020 _a9780471371236
040 _aEG-ScBUE
_beng
_erda
_cEG-ScBUE
_dEG-ScBUE
082 0 4 _a547.7046
_222
_bMIR
100 1 _aMirau, Peter A.,
_939652
_eauthor.
245 1 2 _aA practical guide to understanding the NMR of polymers /
_cPeter A. Mirau.
264 1 _aHoboken, New Jersey :
_bWiley-Interscience,
_c[2005]
264 4 _cc2005
300 _axii, 418 pages :
_billustrations ;
_c25 cm
336 _2rdacontent
_atext
_btxt
337 _aunmediated
_2rdamedia
_bn
338 _avolume
_bnc
_2rdacarrier
504 _aIncludes bibliographical references and index.
650 7 _aPolymers
_xSpectra.
_2BUEsh
_939654
650 7 _aNuclear magnetic resonance spectroscopy.
_2BUEsh
_939653
653 _bPPhrm
_cMarch2016
655 _vReading book
942 _2ddc
_cBB
999 _c21489
_d21461